000 00266nam a22000977a 4500
999 _c11808
_d11808
008 200220b ||||| |||| 00| 0 eng d
020 _a0570061245
100 _aHead Constance
_97488
245 _aThe Man Who Carried the Cross for Jesus
260 _aUSA
_bArch Books
_c1979